000 00782nam a2200265Ia 4500
003 OSt
005 20221006143615.0
006 a|||||r|||| 00| 0
007 ta
008 221006b |||||||| |||| 00| 0 eng d
020 _c
_10.00(each)
024 _a9,440
037 _cTextual
040 _aEASL
_cEASL
_beng
041 _2eng
_aeng
082 _aX:31.41.N59<--N33, K5-;1
100 _aLIU Ta-chung
245 0 _aEconomy of the Chinese mainland
_b National income and economic development, 1933-1959
260 _aPrinceton
_bPrinceton University Press
_c1965
300 _a771p.
_ccm.
490 _v CEL
700 _a YEH Kung-chia
942 _hX:31.41.N59<--N33, K5-;1
_cTEXL
_2CC
999 _c1077526
_d1077526